00305cam a22001091 4500082001700000100002500017245005200042260002900094300002700123526003700150650000800187 a954.031bLAN1 aLane-Poole, Stanley,10aAurangzīb and the decay of the Mughal Empire. aDelhi,bS. Chandc[1964] a212 p.billus.c19 cm. a0b0c0d954_031000000000000_LAN aMCE